[Event "POR-ch Absolute 2019"]
[Site "Portimao"]
[Date "2019.09.14"]
[Round "8.3"]
[White "Galego, Luis"]
[Black "Sousa, Andre Ventura"]
[Result "1/2-1/2"]
[WhiteElo "2501"]
[BlackElo "2362"]
[Annotator "TA"]
[PlyCount "82"]
[EventDate "2019.09.07"]
[EventType "tourn"]
[EventCountry "POR"]
[SourceTitle "playchess.com"]
[Source "ChessBase"]
[SourceQuality "1"]

{[%evp 9,82,-14,-18,-24,-12,-40,-35,-48,-37,-41,-32,-56,-59,-81,-79,-64,-63,-64,-28,-81,-61,-100,-99,-127,-84,-86,-90,-83,-93,-86,-83,-145,-154,-154,-146,-180,-158,-168,-150,-175,-130,-236,-149,-156,-138,-137,-131,-152,-128,-241,-269,-266,-265,-658,-658,-1541,-1495,-1385,-1306,-1935,-1854,-29983,-1559,-29984,-29984,-29990,-579,-452,-326,-453,-453,-439,-19,-19,-19]} 1. d4 Nf6 2. Bg5 d5 3. Bxf6 gxf6 4. e3 c5 5. Nc3 Nc6 6. a3 {D01: Veresov Opening} (6. Nf3 Bg4 7. h3 cxd4 8. exd4 Bxf3 9. Qxf3 Nxd4 10. Qg4 Nc6 11. O-O-O e6 12. Bc4 Qd7 13. Bxd5 exd5 14. Nxd5 Qxg4 15. Nxf6+ {½-½ (49) Nakamura,H (2779)-Bu,X (2705) Doha 2016}) 6... e6 7. Nge2 Bd7 $146 ({Predecessor:} 7... f5 8. Nf4 cxd4 9. exd4 a6 10. Nce2 Bd6 11. g3 Qb6 12. c3 Bxf4 13. Nxf4 Qxb2 {0-1 (49) Marder,S (2054)-Garcia Martin,M (2323) Caleta 2018}) 8. g3 {Black is slightly better.} cxd4 9. exd4 Qb6 10. Rb1 f5 11. Na2 Na5 12. c3 Nc4 $40 {[%mdl 128] Black has some attack.} 13. Nb4 Bh6 {aiming for ...Bd2+.} (13... h5 {seems wilder.} 14. h4 Bh6 15. Bg2 Nd2 16. Ra1 Bb5) 14. f4 (14. Bg2 $11) 14... f6 15. Bh3 O-O-O 16. Nd3 Be8 17. a4 Bh5 18. b3 Nd6 19. O-O Ne4 20. Nf2 (20. b4 $142) 20... Kb8 $17 21. Nxe4 fxe4 22. g4 Rhg8 23. Ng3 Bf7 24. Kh1 Qc7 25. Ne2 (25. Qd2 $17 {might work better.}) 25... Bf8 26. Qd2 h5 27. g5 Be7 {[%cal Rf6g5]} 28. Rg1 h4 29. Rg2 (29. gxf6 $17 Bxf6 30. Bg4) 29... fxg5 $19 30. fxg5 Bh5 {And now ...Bf3 would win.} 31. Bxe6 $2 (31. Ng1 Rg6 32. Bg4 Bxg5 33. Qe2 Bxg4 34. Rxg4) 31... Bf3 $1 {[%csl LRg2,LRg5] Strongly threatening ...Bxg5.} 32. Bxg8 {Threatens to win with Be6.} h3 {[%mdl 64] Pin} 33. Kg1 hxg2 34. Be6 Bd6 35. g6 Bxh2+ 36. Kf2 Bxe2 37. Qg5 g1=Q+ (37... Rf8+ $142 38. Bf7 Qxc3 39. Qxg2 Bf4 40. Kg1 Be3+ {[%mdl 64] Double Attack} 41. Kh1 Rh8+ 42. Qh2+ Rxh2+ 43. Kxh2 Bf4+ 44. Kh1 Qh3+ 45. Kg1 Qh2#) 38. Rxg1 Bxg1+ 39. Kxe2 {[#] next g7 is good for White.} Qh2+ $1 40. Kd1 {[%cal Rg5d8] [#]} Re8 $2 ({Better is} 40... Rf8 $1 $19 {[%cal Rf8f1]} 41. Qe5+ Qxe5 42. dxe5 Rf1+ 43. Kc2 Rf2+ 44. Kd1 Rg2 45. Bxd5 Rxg6 46. Bxe4 Re6) 41. g7 $11 e3 {Accuracy: White = 39%, Black = 68%.} 1/2-1/2

[Event "POR-ch Absolute 2019"]
[Site "Portimao"]
[Date "2019.09.14"]
[Round "8.4"]
[White "Veiga, Jose Francisco R P N"]
[Black "Fidalgo, Andre Neves"]
[Result "0-1"]
[WhiteElo "2345"]
[BlackElo "2261"]
[Annotator "NA"]
[PlyCount "122"]
[EventDate "2019.09.07"]
[EventType "tourn"]
[EventCountry "POR"]
[SourceTitle "playchess.com"]
[Source "ChessBase"]
[SourceQuality "1"]
[TimeControl "5400+30"]

1. e4 {[%emt 0:00:00]} c5 {[%emt 0:00:00]} 2. Nf3 {[%emt 0:00:00]} Nc6 {[%emt 0:00:00]} 3. d4 {[%emt 0:00:00]} cxd4 {[%emt 0:00:00]} 4. Nxd4 {[%emt 0:00:00]} Nf6 {[%emt 0:00:01]} 5. Nc3 {[%emt 0:00:00]} e5 {[%emt 0:00:05]} 6. Ndb5 {[%emt 0:00:00]} d6 {[%emt 0:00:05]} 7. Bg5 {[%emt 0:00:00]} a6 {[%emt 0:00:05]} 8. Na3 {[%emt 0:00:00]} b5 {[%emt 0:00:06]} 9. Nd5 {[%emt 0:00:04]} Be7 {[%emt 0:00:06]} 10. Bxf6 {[%emt 0:00:03]} Bxf6 {[%emt 0:00:08]} 11. c4 {[%emt 0:00:03]} b4 {[%emt 0:00:20]} 12. Nc2 {[%emt 0:00:06]} O-O {[%emt 0:00:22]} 13. h4 {[%emt 0:00:19]} a5 {[%emt 0:00:59]} 14. b3 {[%emt 0:00:07]} Be6 {[%emt 0:00:35]} 15. g3 {[%emt 0:00:33]} Rb8 {[%emt 0:02:37]} 16. Qd3 {[%emt 0:02:39]} Kh8 {[%emt 0:08:25]} 17. Rd1 {[%emt 0:05:21]} Bxd5 {[%emt 0:00:29]} 18. cxd5 {[%emt 0:01:24]} Nd4 {[%emt 0:00:07]} 19. Nxd4 {[%emt 0:00:35]} exd4 {[%emt 0:00:07]} 20. Bh3 {[%emt 0:00:12]} Qc7 {[%emt 0:04:47]} 21. Ke2 {[%emt 0:00:25]} a4 {[%emt 0:02:18]} 22. Rc1 {[%emt 0:01:28]} Qa5 {[%emt 0:01:26]} 23. f4 {[%emt 0:00:50]} Ra8 {[%emt 0:03:34]} 24. Bd7 {[%emt 0:03:57]} axb3 {[%emt 0:01:29]} 25. axb3 {[%emt 0:00:02]} Qd8 {[%emt 0:02:15]} 26. Ba4 {[%emt 0:00:38]} Rc8 {[%emt 0:05:02]} 27. Bc6 {[%emt 0:01:09]} Qe7 {[%emt 0:11:57]} 28. Kf3 {[%emt 0:00:42]} g6 {[%emt 0:00:21]} 29. Ra1 {[%emt 0:04:13]} Bg7 {[%emt 0:03:41]} 30. Ra4 {[%emt 0:01:36]} f5 {[%emt 0:03:04]} 31. Re1 {[%emt 0:02:14]} Rfe8 {[%emt 0:06:44]} 32. Re2 {[%emt 0:01:47]} fxe4+ {[%emt 0:03:58]} 33. Rxe4 {[%emt 0:00:14]} Qxe4+ {[%emt 0:00:05]} 34. Qxe4 {[%emt 0:00:07]} Rxe4 {[%emt 0:00:04]} 35. Kxe4 {[%emt 0:00:04]} Rb8 {[%emt 0:00:15]} 36. Bd7 {[%emt 0:02:32]} Bf6 {[%emt 0:01:28]} 37. Be6 {[%emt 0:00:46]} Rb7 {[%emt 0:04:09]} 38. Ra8+ {[%emt 0:00:17]} Kg7 {[%emt 0:00:01]} 39. g4 {[%emt 0:00:20]} Bxh4 {[%emt 0:02:50]} 40. Rg8+ {[%emt 0:00:00]} Kh6 {[%emt 0:00:00]} 41. g5+ {[%emt 0:00:00]} Kh5 {[%emt 0:00:00]} 42. Rc8 {[%emt 0:00:00]} d3 {[%emt 0:00:00]} 43. Kxd3 {[%emt 0:00:00]} Ra7 {[%emt 0:00:00]} 44. Ke4 {[%emt 0:00:00]} Bg3 {[%emt 0:00:00]} 45. Rc1 {[%emt 0:00:00]} Bh2 {[%emt 0:00:00]} 46. Rc2 {[%emt 0:00:00]} Bg3 {[%emt 0:00:00]} 47. Rg2 {[%emt 0:00:00]} Kh4 {[%emt 0:00:00]} 48. Rg1 {[%emt 0:00:00]} Ra2 {[%emt 0:00:00]} 49. f5 {[%emt 0:00:16]} Bh2 {[%emt 0:14:33]} 50. fxg6 {[%emt 0:01:40]} hxg6 {[%emt 0:00:03]} 51. Rg4+ {[%emt 0:00:19]} Kh5 {[%emt 0:00:08]} 52. Kd3 {[%emt 0:01:05]} Be5 {[%emt 0:01:06]} 53. Rxb4 {[%emt 0:01:23]} Kxg5 {[%emt 0:00:07]} 54. Rb8 {[%emt 0:00:06]} Kh4 {[%emt 0:02:06]} 55. b4 {[%emt 0:00:27]} g5 {[%emt 0:02:00]} 56. b5 {[%emt 0:00:58]} Rb2 {[%emt 0:00:49]} 57. b6 {[%emt 0:05:09]} g4 {[%emt 0:00:35]} 58. b7 {[%emt 0:00:17]} g3 {[%emt 0:00:13]} 59. Ke4 {[%emt 0:01:19]} Bg7 {[%emt 0:02:11]} 60. Rc8 {[%emt 0:03:28]} g2 {[%emt 0:01:42]} 61. Rc1 {[%emt 0:00:31]} Kg3 {[%emt 0:00:20] Kd4} 0-1

[Event "POR-ch Absolute 2019"]
[Site "Portimao"]
[Date "2019.09.14"]
[Round "8.5"]
[White "Rocha, Sergio"]
[Black "Leonardo, Joao"]
[Result "1-0"]
[WhiteElo "2356"]
[BlackElo "2177"]
[Annotator "NA"]
[PlyCount "73"]
[EventDate "2019.09.07"]
[EventType "tourn"]
[EventCountry "POR"]
[SourceTitle "playchess.com"]
[Source "ChessBase"]
[SourceQuality "1"]
[TimeControl "5400+30"]

1. d4 {[%emt 0:00:00]} g6 {[%emt 0:00:12]} 2. c4 {[%emt 0:00:00]} Bg7 {[%emt 0:00:02]} 3. Nf3 {[%emt 0:00:00]} d6 {[%emt 0:00:04]} 4. Nc3 {[%emt 0:00:00]} Nf6 {[%emt 0:00:41]} 5. e4 {[%emt 0:00:05]} O-O {[%emt 0:00:04]} 6. Be2 {[%emt 0:00:12]} Bg4 {[%emt 0:00:21]} 7. Be3 {[%emt 0:00:07]} Nfd7 {[%emt 0:00:43]} 8. O-O {[%emt 0:05:09]} e5 {[%emt 0:02:48]} 9. d5 {[%emt 0:00:19]} a5 {[%emt 0:01:23]} 10. Ne1 {[%emt 0:00:42]} Bxe2 {[%emt 0:00:26]} 11. Qxe2 {[%emt 0:00:04]} Na6 {[%emt 0:00:12]} 12. Nd3 {[%emt 0:00:12]} f5 {[%emt 0:07:09]} 13. f3 {[%emt 0:00:37]} Qh4 {[%emt 0:07:16]} 14. Rad1 {[%emt 0:13:13]} Bh6 {[%emt 0:04:30]} 15. Bf2 {[%emt 0:00:33]} Qh5 {[%emt 0:08:30]} 16. a3 {[%emt 0:03:35]} Nf6 {[%emt 0:02:47]} 17. c5 {[%emt 0:06:20]} Rf7 {[%emt 0:02:40]} 18. Rfe1 {[%emt 0:03:42]} Raf8 {[%emt 0:02:26]} 19. c6 {[%emt 0:00:46]} bxc6 {[%emt 0:03:29]} 20. dxc6 {[%emt 0:00:27]} Nb8 {[%emt 0:04:05]} 21. Nd5 {[%emt 0:12:08]} Nxc6 {[%emt 0:04:27]} 22. Nxf6+ {[%emt 0:04:39]} Rxf6 {[%emt 0:00:27]} 23. Qc2 {[%emt 0:00:52]} Nd8 {[%emt 0:10:35]} 24. Qxc7 {[%emt 0:01:29]} Nf7 {[%emt 0:00:17]} 25. Qxa5 {[%emt 0:09:44]} Ng5 {[%emt 0:03:00]} 26. Qd5+ {[%emt 0:01:48]} Kh8 {[%emt 0:00:57]} 27. exf5 {[%emt 0:04:36]} gxf5 {[%emt 0:00:55]} 28. Kh1 {[%emt 0:07:15]} Bg7 {[%emt 0:02:29]} 29. Bg1 {[%emt 0:00:40]} Rg6 {[%emt 0:00:32]} 30. a4 {[%emt 0:01:12]} Rg8 {[%emt 0:00:41]} 31. a5 {[%emt 0:00:16]} Bf6 {[%emt 0:15:54]} 32. a6 {[%emt 0:02:12]} Nh3 {[%emt 0:01:45]} 33. Rd2 {[%emt 0:06:17]} Nxg1 {[%emt 0:06:37]} 34. Kxg1 {[%emt 0:00:06]} Bd8 {[%emt 0:01:38]} 35. Kf1 {[%emt 0:01:32]} Qxh2 {[%emt 0:00:41]} 36. a7 {[%emt 0:01:12]} Rxg2 {[%emt 0:02:38]} 37. Qxg8+ {[%emt 0:00:13]} 1-0

[Event "POR-ch Absolute 2019"]
[Site "Portimao"]
[Date "2019.09.15"]
[Round "9.1"]
[White "Leonardo, Joao"]
[Black "Rego, Pedro Filipe"]
[Result "1-0"]
[WhiteElo "2177"]
[BlackElo "2235"]
[Annotator "NA"]
[PlyCount "106"]
[EventDate "2019.09.07"]
[EventType "tourn"]
[EventCountry "POR"]
[SourceTitle "playchess.com"]
[Source "ChessBase"]
[SourceQuality "1"]
[TimeControl "5400+30"]

1. Nf3 {[%emt 0:00:00]} Nf6 {[%emt 0:00:00]} 2. g3 {[%emt 0:00:00]} d5 {[%emt 0:00:14]} 3. Bg2 {[%emt 0:00:00]} c5 {[%emt 0:00:08]} 4. O-O {[%emt 0:00:02]} Nc6 {[%emt 0:00:01]} 5. d3 {[%emt 0:00:16]} e5 {[%emt 0:01:42]} 6. Nc3 {[%emt 0:00:09]} d4 {[%emt 0:01:25]} 7. Nb1 {[%emt 0:00:09]} Bd6 {[%emt 0:00:38]} 8. e4 {[%emt 0:00:08]} Bg4 {[%emt 0:03:39]} 9. h3 {[%emt 0:00:08]} Bxf3 {[%emt 0:00:03]} 10. Bxf3 {[%emt 0:00:02]} h6 {[%emt 0:00:15]} 11. a4 {[%emt 0:00:03]} Qc7 {[%emt 0:06:15]} 12. Na3 {[%emt 0:00:35]} a6 {[%emt 0:01:06]} 13. Nc4 {[%emt 0:00:14]} O-O {[%emt 0:04:20]} 14. a5 {[%emt 0:01:08]} Nd7 {[%emt 0:01:14]} 15. Bg2 {[%emt 0:00:03]} b5 {[%emt 0:01:22]} 16. axb6 {[%emt 0:00:10]} Nxb6 {[%emt 0:00:07]} 17. Nxd6 {[%emt 0:00:10]} Qxd6 {[%emt 0:00:01]} 18. f4 {[%emt 0:00:09]} c4 {[%emt 0:00:31]} 19. Qg4 {[%emt 0:01:55]} Qg6 {[%emt 0:01:02]} 20. Qf3 {[%emt 0:01:03]} f6 {[%emt 0:01:14]} 21. Bd2 {[%emt 0:00:34]} Qf7 {[%emt 0:00:45]} 22. Ra3 {[%emt 0:01:45]} a5 {[%emt 0:00:13]} 23. Qg4 {[%emt 0:01:12]} Kh8 {[%emt 0:00:13]} 24. Kh2 {[%emt 0:02:21]} Qe7 {[%emt 0:00:10]} 25. Rfa1 {[%emt 0:06:26]} a4 {[%emt 0:00:30]} 26. Bf1 {[%emt 0:01:49]} Nb4 {[%emt 0:02:04]} 27. Qd1 {[%emt 0:00:30]} Rac8 {[%emt 0:00:30]} 28. dxc4 {[%emt 0:04:05]} exf4 {[%emt 0:04:51]} 29. gxf4 {[%emt 0:03:22]} Nxc4 {[%emt 0:00:46]} 30. Bxb4 {[%emt 0:03:40]} Qxb4 {[%emt 0:00:30]} 31. Rxa4 {[%emt 0:00:30]} Qd2+ {[%emt 0:00:30]} 32. Qxd2 {[%emt 0:00:30]} Nxd2 {[%emt 0:00:30]} 33. Bd3 {[%emt 0:00:30]} Rfe8 {[%emt 0:00:30]} 34. Kg2 {[%emt 0:00:30]} Nxe4 {[%emt 0:00:30]} 35. Rxd4 {[%emt 0:00:30]} Nc5 {[%emt 0:00:30]} 36. Bg6 {[%emt 0:00:30]} Ne6 {[%emt 0:00:30]} 37. Rda4 {[%emt 0:00:30]} Rf8 {[%emt 0:00:30]} 38. Re1 {[%emt 0:00:30]} Nc5 {[%emt 0:00:30]} 39. Rc4 {[%emt 0:00:30]} f5 {[%emt 0:00:30]} 40. Re5 {[%emt 0:00:30]} Ne4 {[%emt 0:00:30]} 41. Rxc8 {[%emt 0:00:30]} Rxc8 {[%emt 0:00:30]} 42. Rxf5 {[%emt 0:00:30]} Nf6 {[%emt 0:00:30]} 43. Re5 {[%emt 0:00:30]} Kg8 {[%emt 0:00:30]} 44. Kf3 {[%emt 0:00:30]} Nd7 {[%emt 0:00:30]} 45. Re8+ {[%emt 0:00:30]} Rxe8 {[%emt 0:00:30]} 46. Bxe8 {[%emt 0:00:30]} Nb6 {[%emt 0:00:30]} 47. b3 {[%emt 0:00:30]} Kf8 {[%emt 0:00:30]} 48. Bc6 {[%emt 0:00:30]} Ke7 {[%emt 0:00:30]} 49. Be4 {[%emt 0:00:30]} Kd6 {[%emt 0:00:30]} 50. Ke3 {[%emt 0:00:30]} Kc5 {[%emt 0:00:30]} 51. c3 {[%emt 0:00:30]} Nc8 {[%emt 0:00:30]} 52. Kd3 {[%emt 0:00:30]} Nd6 {[%emt 0:00:30]} 53. Bg6 {[%emt 0:00:30]} Nb5 {[%emt 0:00:30]} 1-0

[Event "POR-ch Absolute 2019"]
[Site "Portimao"]
[Date "2019.09.15"]
[Round "9.2"]
[White "Fidalgo, Andre Neves"]
[Black "Rocha, Sergio"]
[Result "1/2-1/2"]
[WhiteElo "2261"]
[BlackElo "2356"]
[Annotator "NA"]
[PlyCount "83"]
[EventDate "2019.09.07"]
[EventType "tourn"]
[EventCountry "POR"]
[SourceTitle "playchess.com"]
[Source "ChessBase"]
[SourceQuality "1"]
[TimeControl "5400+30"]

1. d4 {[%emt 0:00:00]} Nf6 {[%emt 0:00:00]} 2. c4 {[%emt 0:00:00]} e6 {[%emt 0:00:00]} 3. g3 {[%emt 0:00:00]} d5 {[%emt 0:00:00]} 4. Nf3 {[%emt 0:00:00]} Be7 {[%emt 0:00:00]} 5. Bg2 {[%emt 0:00:05]} O-O {[%emt 0:00:03]} 6. O-O {[%emt 0:00:06]} dxc4 {[%emt 0:00:03]} 7. Qc2 {[%emt 0:00:07]} b6 {[%emt 0:00:13]} 8. Ne5 {[%emt 0:07:16]} Nd5 {[%emt 0:00:23]} 9. Nxc4 {[%emt 0:01:20]} Bb7 {[%emt 0:00:22]} 10. a3 {[%emt 0:02:24]} Nd7 {[%emt 0:01:02]} 11. e4 {[%emt 0:00:42]} N5f6 {[%emt 0:00:08]} 12. Rd1 {[%emt 0:00:50]} Qc8 {[%emt 0:00:12]} 13. Nc3 {[%emt 0:01:14]} c5 {[%emt 0:00:40]} 14. d5 {[%emt 0:01:13]} e5 {[%emt 0:04:59]} 15. f4 {[%emt 0:04:23]} exf4 {[%emt 0:01:25]} 16. Bxf4 {[%emt 0:05:52]} Ba6 {[%emt 0:01:51]} 17. Ne3 {[%emt 0:04:34]} Nh5 {[%emt 0:00:31]} 18. Nf5 {[%emt 0:05:32]} Re8 {[%emt 0:01:12]} 19. d6 {[%emt 0:02:14]} Bf6 {[%emt 0:03:37]} 20. Nd5 {[%emt 0:00:29]} Kh8 {[%emt 0:00:47]} 21. Nc7 {[%emt 0:03:50]} Be5 {[%emt 0:04:04]} 22. Bxe5 {[%emt 0:02:30]} Rxe5 {[%emt 0:00:07]} 23. Qa4 {[%emt 0:01:48]} Bb7 {[%emt 0:00:21]} 24. Ne7 {[%emt 0:00:54]} Qd8 {[%emt 0:00:05]} 25. Nxa8 {[%emt 0:00:17]} Bxa8 {[%emt 0:00:04]} 26. Nc6 {[%emt 0:02:26]} Bxc6 {[%emt 0:00:05]} 27. Qxc6 {[%emt 0:00:05]} Nhf6 {[%emt 0:00:06]} 28. Re1 {[%emt 0:01:16]} h5 {[%emt 0:00:13]} 29. Rad1 {[%emt 0:09:16]} Qe8 {[%emt 0:01:01]} 30. Bh3 {[%emt 0:00:36]} Kg8 {[%emt 0:01:00]} 31. Re3 {[%emt 0:03:44]} Ng4 {[%emt 0:00:21]} 32. Bxg4 {[%emt 0:00:13]} hxg4 {[%emt 0:00:04]} 33. Rde1 {[%emt 0:01:13]} Qe6 {[%emt 0:00:12]} 34. Qa8+ {[%emt 0:02:09]} Kh7 {[%emt 0:00:17]} 35. Qd8 {[%emt 0:00:44]} Kg6 {[%emt 0:02:00]} 36. Qe7 {[%emt 0:02:47]} Qxe7 {[%emt 0:00:13]} 37. dxe7 {[%emt 0:00:06]} Rxe7 {[%emt 0:00:03]} 38. e5 {[%emt 0:00:59]} Kf5 {[%emt 0:00:19]} 39. Rf1+ {[%emt 0:03:06]} Kg5 {[%emt 0:01:28]} 40. Rfe1 {[%emt 0:00:00]} Kf5 {[%emt 0:00:00]} 41. Rf1+ {[%emt 0:00:00]} Kg5 {[%emt 0:00:00]} 42. Rfe1 {[%emt 0:00:00]} 1/2-1/2

[Event "POR-ch Absolute 2019"]
[Site "Portimao"]
[Date "2019.09.14"]
[Round "9.3"]
[White "Sousa, Andre Ventura"]
[Black "Veiga, Jose Francisco R P N"]
[Result "1-0"]
[WhiteElo "2362"]
[BlackElo "2345"]
[Annotator "NA"]
[PlyCount "53"]
[EventDate "2019.09.07"]
[EventType "tourn"]
[EventCountry "POR"]
[SourceTitle "playchess.com"]
[Source "ChessBase"]
[SourceQuality "1"]
[TimeControl "5400+30"]

1. e4 {[%emt 0:00:00]} c5 {[%emt 0:00:17]} 2. Nf3 {[%emt 0:00:00]} b6 {[%emt 0:00:07]} 3. d4 {[%emt 0:00:00]} cxd4 {[%emt 0:00:08]} 4. Nxd4 {[%emt 0:00:00]} Bb7 {[%emt 0:00:06]} 5. Nc3 {[%emt 0:00:00]} a6 {[%emt 0:00:11]} 6. Be3 {[%emt 0:00:29]} e6 {[%emt 0:00:48]} 7. Qd2 {[%emt 0:02:37]} Bb4 {[%emt 0:03:35]} 8. f3 {[%emt 0:00:03]} Ne7 {[%emt 0:00:33]} 9. a3 {[%emt 0:13:54]} Bxc3 {[%emt 0:00:20]} 10. Qxc3 {[%emt 0:00:23]} d5 {[%emt 0:00:15]} 11. e5 {[%emt 0:02:32]} Nbc6 {[%emt 0:02:36]} 12. Nxc6 {[%emt 0:08:01]} Nxc6 {[%emt 0:00:21]} 13. O-O-O {[%emt 0:00:15]} Rc8 {[%emt 0:00:25]} 14. f4 {[%emt 0:02:34]} Na5 {[%emt 0:08:56]} 15. Qe1 {[%emt 0:06:48]} Nc4 {[%emt 0:03:46]} 16. Bd4 {[%emt 0:01:49]} b5 {[%emt 0:03:25]} 17. Bd3 {[%emt 0:06:14]} a5 {[%emt 0:00:36]} 18. Kb1 {[%emt 0:02:54]} O-O {[%emt 0:03:09]} 19. h4 {[%emt 0:02:59]} b4 {[%emt 0:01:46]} 20. axb4 {[%emt 0:03:10]} axb4 {[%emt 0:01:11]} 21. Qxb4 {[%emt 0:00:03]} Qc7 {[%emt 0:03:32]} 22. b3 {[%emt 0:05:06]} Rb8 {[%emt 0:01:08]} 23. Kc1 {[%emt 0:01:55]} Rfc8 {[%emt 0:02:09]} 24. Qc3 {[%emt 0:05:33]} Ba6 {[%emt 0:08:20]} 25. bxc4 {[%emt 0:01:13]} dxc4 {[%emt 0:00:22]} 26. Be4 {[%emt 0:00:25]} Rd8 {[%emt 0:00:36]} 27. Bf2 {[%emt 0:01:59]} 1-0

[Event "POR-ch Absolute 2019"]
[Site "Portimao"]
[Date "2019.09.15"]
[Round "9.4"]
[White "Dias, Paulo"]
[Black "Galego, Luis"]
[Result "0-1"]
[WhiteElo "2322"]
[BlackElo "2501"]
[Annotator "ChessBase"]
[PlyCount "65"]
[EventDate "2019.09.07"]
[EventType "tourn"]
[EventCountry "POR"]
[SourceTitle "playchess.com"]
[Source "ChessBase"]
[SourceQuality "1"]
[TimeControl "5400+30"]

1. d4 {[%emt 0:00:00]} Nf6 {[%emt 0:03:06]} 2. c4 {[%emt 0:00:00]} e6 {[%emt 0:00:18]} 3. Nf3 {[%emt 0:00:01]} Bb4+ {[%emt 0:00:36]} 4. Nbd2 {[%emt 0:01:03]} O-O {[%emt 0:02:25]} 5. a3 {[%emt 0:00:28]} Be7 {[%emt 0:01:11]} 6. e4 {[%emt 0:00:06]} d6 {[%emt 0:00:01]} 7. Bd3 {[%emt 0:01:04]} Nc6 {[%emt 0:00:47]} 8. O-O {[%emt 0:08:26]} a5 {[%emt 0:00:25]} 9. Rb1 {[%emt 0:04:16]} e5 {[%emt 0:01:28]} 10. d5 {[%emt 0:04:27]} Nb8 {[%emt 0:00:07]} 11. b4 {[%emt 0:02:38]} axb4 {[%emt 0:01:29]} 12. axb4 {[%emt 0:00:11]} Na6 {[%emt 0:00:38]} 13. Re1 {[%emt 0:06:57]} Nh5 {[%emt 0:03:00]} 14. Nf1 {[%emt 0:11:16]} g6 {[%emt 0:01:37]} 15. Bh6 {[%emt 0:04:15]} Ng7 {[%emt 0:00:10]} 16. Ne3 {[%emt 0:14:53]} f5 {[%emt 0:04:57]} 17. exf5 {[%emt 0:03:59]} gxf5 {[%emt 0:00:02]} 18. c5 {[%emt 0:01:32]} e4 {[%emt 0:02:40]} 19. Bxa6 {[%emt 0:05:50]} Rxa6 {[%emt 0:02:43]} 20. b5 {[%emt 0:00:49]} Ra3 {[%emt 0:06:20]} 21. cxd6 {[%emt 0:03:09]} Bxd6 {[%emt 0:08:20]} 22. Bg5 {[%emt 0:02:11]} Qe8 {[%emt 0:00:37]} 23. Nc4 {[%emt 0:01:07]} Rxf3 {[%emt 0:00:32]} 24. Nxd6 {[%emt 0:09:21]} cxd6 {[%emt 0:00:31]} 25. gxf3 {[%emt 0:00:44]} Qg6 {[%emt 0:00:03]} 26. Qd2 {[%emt 0:07:12]} h6 {[%emt 0:00:34]} 27. fxe4 {[%emt 0:02:34]} fxe4 {[%emt 0:04:00]} 28. Rb3 {[%emt 0:00:13]} hxg5 {[%emt 0:00:18]} 29. Rc1 {[%emt 0:02:20]} Nf5 {[%emt 0:01:48]} 30. Rc7 {[%emt 0:02:19]} Nh4 {[%emt 0:04:41]} 31. Qc2 {[%emt 0:00:36]} Bf5 {[%emt 0:00:51]} 32. Rxb7 {[%emt 0:01:31]} Nf3+ {[%emt 0:01:04]} 33. Rxf3 0-1

[Event "POR-ch Absolute 2019"]
[Site "Portimao"]
[Date "2019.09.15"]
[Round "9.5"]
[White "Fernandes, Antonio"]
[Black "Damaso, Rui"]
[Result "1/2-1/2"]
[WhiteElo "2368"]
[BlackElo "2416"]
[Annotator "NA"]
[PlyCount "44"]
[EventDate "2019.09.07"]
[EventType "tourn"]
[EventCountry "POR"]
[SourceTitle "playchess.com"]
[Source "ChessBase"]
[SourceQuality "1"]
[TimeControl "5400+30"]

1. e4 {[%emt 0:00:02]} d6 {[%emt 0:12:02]} 2. d4 {[%emt 0:02:29]} Nf6 {[%emt 0:00:31]} 3. Nc3 {[%emt 0:01:36]} c6 {[%emt 0:00:17]} 4. a4 {[%emt 0:09:30]} e5 {[%emt 0:09:43]} 5. dxe5 {[%emt 0:04:01]} dxe5 $14 {[%emt 0:01:01]} 6. Qxd8+ {[%emt 0:00:07]} Kxd8 {[%emt 0:00:03]} 7. Bc4 {[%emt 0:00:09]} Ke8 {[%emt 0:00:08]} 8. Nf3 {[%emt 0:01:22]} Bd6 {[%emt 0:00:42]} 9. Be3 {[%emt 0:42:35]} Nbd7 {[%emt 0:13:45]} 10. O-O-O {[%emt 0:00:53]} Bb4 {[%emt 0:05:30]} 11. Bd2 {[%emt 0:15:52]} Ng4 {[%emt 0:08:19]} 12. Rhf1 {[%emt 0:00:35]} h5 {[%emt 0:01:54]} 13. Ng5 {[%emt 0:08:57]} Nh6 {[%emt 0:06:55]} 14. f4 {[%emt 0:00:05]} Nb6 {[%emt 0:00:51]} 15. Bb3 {[%emt 0:00:07]} Bg4 {[%emt 0:01:02]} 16. Rde1 {[%emt 0:00:17]} f6 {[%emt 0:01:07]} 17. h3 {[%emt 0:00:47]} exf4 {[%emt 0:04:28]} 18. Nf3 {[%emt 0:01:39]} Bxf3 {[%emt 0:03:50]} 19. gxf3 {[%emt 0:03:04]} Nd7 {[%emt 0:07:58]} 20. Bxf4 {[%emt 0:01:50]} Nf7 {[%emt 0:00:14]} 21. Bd2 {[%emt 0:00:31]} Nc5 {[%emt 0:00:32]} 22. f4 {[%emt 0:01:03]} Rd8 {[%emt 0:02:19]} 1/2-1/2